| 000 | 00686nam a2200217 a 4500 | ||
|---|---|---|---|
| 005 | 20240224063816.0 | ||
| 008 | 991125s1992 mx 000 0 spa u | ||
| 020 | _a9682939623 | ||
| 035 | _aUPN01000011836 | ||
| 049 | _aSEP | ||
| 050 | 4 |
_aF1256 _bR82 1992 |
|
| 100 | 1 |
_aRuz, Mario Humberto, _d1952- _938130 |
|
| 245 | 1 | 0 |
_aCopanaguastla en un espejo : _bun pueblo tzeltal en el virreinato / _cMario Humberto Ruz. |
| 250 | _a2a ed. | ||
| 260 |
_aMéxico : _bCNCA : _bINI, _c1992. |
||
| 300 | _a376 p. | ||
| 440 | 0 |
_aPresencias ; _v50 |
|
| 650 | 7 |
_aTzeltales _xVida social y costumbres _2 _919788 |
|
| 651 | 4 |
_aCOPANAGUASTLA, CHIAPAS - _xVIDA SOCIAL Y COSTUMBRES _912428 |
|
| 905 | _aLibro | ||
| 999 |
_c11836 _d11836 |
||